| Record ID | ia:nativeamericanfi0000treu |
| Source | Internet Archive |
| Download MARC XML | https://archive.org/download/nativeamericanfi0000treu/nativeamericanfi0000treu_marc.xml |
| Download MARC binary | https://www.archive.org/download/nativeamericanfi0000treu/nativeamericanfi0000treu_meta.mrc |
LEADER: 00999cam a2200253 a 4500
001 2006924340
003 DLC
005 20070308084218.0
008 060321s2006 mnu b 000 0 eng
010 $a 2006924340
020 $a9781555974527 (pbk.)
020 $a155597452X (pbk.)
040 $aDLC$cDLC$dDLC
050 00 $aPS153.I52$bT74 2006
082 00 $a813/.009897$222
100 1 $aTreuer, David.
245 10 $aNative American fiction :$ba user's manual /$cDavid Treuer.
260 $aSaint Paul, Minn. :$bGraywolf Press,$cc2006.
300 $a212 p. ;$c22 cm.
504 $aIncludes bibliographical references.
650 0 $aAmerican fiction$xIndian authors$xHistory and criticism.
856 42 $3Contributor biographical information$uhttp://www.loc.gov/catdir/enhancements/fy0634/2006924340-b.html
856 42 $3Publisher description$uhttp://www.loc.gov/catdir/enhancements/fy0634/2006924340-d.html
856 41 $3Table of contents only$uhttp://www.loc.gov/catdir/enhancements/fy0701/2006924340-t.html